<?xml version="1.0" encoding="UTF-8"?>
<record
    xmlns:xsi="http://www.w3.org/2001/XMLSchema-instance"
    xsi:schemaLocation="http://www.loc.gov/MARC21/slim http://www.loc.gov/standards/marcxml/schema/MARC21slim.xsd"
    xmlns="http://www.loc.gov/MARC21/slim">

  <leader>00539nam a2200145Ia 4500</leader>
  <controlfield tag="008">090124s9999    xx            000 0 und d</controlfield>
  <datafield tag="082" ind1=" " ind2=" ">
    <subfield code="b">34447</subfield>
  </datafield>
  <datafield tag="245" ind1=" " ind2=" ">
    <subfield code="a"> &#x915;&#x930;&#x94D;&#x92E;&#x92F;&#x94B;&#x917;&#x940; &#x909;&#x926;&#x94D;&#x92F;&#x94B;&#x91C;&#x915; :&#x921;&#x949; &#x935;&#x93F;&#x91C;&#x92F; &#x922;&#x935;&#x933;&#x947;</subfield>
  </datafield>
  <datafield tag="250" ind1=" " ind2=" ">
    <subfield code="a">1</subfield>
  </datafield>
  <datafield tag="260" ind1=" " ind2=" ">
    <subfield code="b">&#x91A;&#x93F;&#x91F;&#x923;&#x940;&#x938; &#x905;&#x936;&#x94B;&#x915;</subfield>
    <subfield code="c">2008</subfield>
  </datafield>
  <datafield tag="300" ind1=" " ind2=" ">
    <subfield code="a">176</subfield>
  </datafield>
  <datafield tag="630" ind1=" " ind2=" ">
    <subfield code="a"> &#x915;&#x930;&#x94D;&#x92E;&#x92F;&#x94B;&#x917;&#x940; &#x909;&#x926;&#x94D;&#x92F;&#x94B;&#x91C;&#x915; :&#x921;&#x949; &#x935;&#x93F;&#x91C;&#x92F; &#x922;&#x935;&#x933;&#x947;</subfield>
  </datafield>
  <datafield tag="730" ind1=" " ind2=" ">
    <subfield code="a"> &#x915;&#x930;&#x94D;&#x92E;&#x92F;&#x94B;&#x917;&#x940; &#x909;&#x926;&#x94D;&#x92F;&#x94B;&#x91C;&#x915; :&#x921;&#x949; &#x935;&#x93F;&#x91C;&#x92F; &#x922;&#x935;&#x933;&#x947;</subfield>
  </datafield>
  <datafield tag="942" ind1=" " ind2=" ">
    <subfield code="c">BOOK</subfield>
  </datafield>
  <datafield tag="999" ind1=" " ind2=" ">
    <subfield code="c">200303</subfield>
    <subfield code="d">200303</subfield>
  </datafield>
  <datafield tag="952" ind1=" " ind2=" ">
    <subfield code="0">0</subfield>
    <subfield code="1">0</subfield>
    <subfield code="4">0</subfield>
    <subfield code="7">0</subfield>
    <subfield code="a">THNMGS</subfield>
    <subfield code="b">THNMGS</subfield>
    <subfield code="d">0000-00-00</subfield>
    <subfield code="g">200.00</subfield>
    <subfield code="l">0</subfield>
    <subfield code="o">34447</subfield>
    <subfield code="p">THNMGS-34447</subfield>
    <subfield code="r">2009-01-24 00:00:00</subfield>
    <subfield code="v">200.00</subfield>
    <subfield code="w">2009-01-24</subfield>
    <subfield code="y">BOOK</subfield>
  </datafield>
</record>
